000 00278nam a22001217a 4500
008 171014b xxu||||| |||| 00| 0 eng d
041 _aeng
080 _a33
100 _a52
101 _aEKO
245 _aTHE NEW INTERNATIONAL ECONOMIC ORDER
_cDENOON, D.B.H
942 _2udc
_cBK
999 _c33985
_d33985